Statistics for Cities in a foreign language (acht)

Click here to take the quiz!

General Stats

  • This quiz has been taken 27 times
  • The average score is 12 of 15

Answer Stats

CityLanguageEnglish name% Correct
BetlemmeItalianBethlehem
96%
DamaskoBasqueDamascus
96%
DuinkerkeDutchDunkirk
96%
NeapelGermanNaples
96%
TurynAfrikaansTurin
96%
HelsingforsDanishHelsinki
92%
MarakeşTurkishMarrakech
92%
NatzaretCatalanNazareth
92%
OportoSpanishPorto
92%
VarssaviEstonianWarsaw
88%
AlepRomanianAleppo
85%
TocioWelshTokyo
81%
KišiniovasLithuanianChisinau
62%
NanzegLuxembourgishNancy
42%
GidáPortugueseJeddah
35%

Score Distribution

Percentile by Number Answered

Percent of People with Each Score

Your Score History

You have not taken this quiz